000 03118nam a22004697a 4500
003 dpl
005 2008092907507.0
007 DVD
008 080917t xxu||||| |||| 00| 0 eng d
010 _aDVD-000731-733 & DVD-005242-5247
024 _c399.00 & 149.00 (Revised Price)
_aDVD YRD 60195
035 _aDVD-000731-733
035 _aDVD-005242-5247
040 _aDPL
_cDPL
082 _aDVD / TARA
245 _aTara Rum Pum
_cYash Chopra Presents
_h[Videorecording] DVD /
260 _aMumbai
_bYash Raj Films Home Entertainment
300 _a2 Videodisc DVD ;
_bsd., col.;
_c4 3/4 in.
_fDVD
440 _aYash Raj Films Home Entertainment
538 _aLanuage, Hindi; Subtitle, English
538 _aDVD players, multimedia systems & PC with MPEG card; version 2.0 players; MPEG; NTSC All Region
650 _aMotion Picture
700 _aChopra, Yash
700 _aAnand, Siddharth
700 _aChopra, Aditya
700 _aVishal & Shekhar
700 _aAkhtar, Javed
700 _aFaisal, Habib
700 _a Pradhan, Binod
942 _2ddc
_cCF
_hDVD
_mTARA
999 _c16984
_d16984